000 00522nam a2200169Ia 4500
003 GCL
008 140319s9999 xx 000 0 eng d
040 _aGCL /
_cGCL
082 0 4 _a658.562
_bR R
100 1 _aRANDALL, RICHARD C.
245 1 0 _aRANDALL'S PRACTICAL GUIDE TO ISO 9000 : IMPLEMENTATION, REGISTRATION, AND BEYOND /
_cRANDALL, RICHARD C.
260 _a[S.N] :
_bADDISON - WESLEY PUBLISHING COMPANY ،
_c1995
300 _a437
650 0 4 _aSTANDARDS
650 0 4 _aISO 9000 SERIES STANDARDS
942 _2ddc
_cBK
999 _c25479
_d25479